[Event "Warsaw YMCA Summer-A 276th"]
[Site "Warsaw"]
[Date "2023.08.02"]
[Round "7"]
[White "Polak, Michal"]
[Black "Michalska, Aleksandra"]
[Result "1-0"]
[WhiteElo "1895"]
[BlackElo "1836"]
[PlyCount "85"]
[EventDate "2023.07.05"]
[EventType "tourn"]
[EventRounds "10"]
[EventCountry "POL"]
[SourceTitle "EXT 2024"]
[Source "ChessBase"]
[SourceDate "2023.10.10"]
[SourceVersion "1"]
[SourceVersionDate "2023.10.10"]
[SourceQuality "1"]

1. d4 Nf6 2. Nf3 b6 3. g3 Bb7 4. c4 e6 5. Bg2 Be7 6. 0-0 0-0 7. d5 exd5 8. Nh4 c6 9. cxd5 Nxd5 10. Nf5 Nc7 11. e4 d5 12. Nc3 d4 13. Nxd4 Nd7 14. Bf4 Nc5 15. Nf5 N7e6 16. Nxe7+ Qxe7 17. Bd6 Qf6 18. Bxf8 Rxf8 19. Qf3 Qe7 20. Rad1 Nd7 21. Qe3 Ba6 22. Rfe1 Ne5 23. h3 Nc4 24. Qc1 Ne5 25. Qc2 Ng5 26. Kh1 Ne6 27. f4 Nd7 28. e5 Bb7 29. Rd6 Rc8 30. Red1 Nef8 31. b4 Nb8 32. Qf5 Rc7 33. Kh2 Bc8 34. Qe4 Rd7 35. Qd3 Bb7 36. b5 Rc7 37. bxc6 Bxc6 38. Bxc6 Rxc6 39. Nd5 Qb7 40. Rd8 Rc5 41. Nf6+ gxf6 42. Rxf8+ Kxf8 43. Qd8+ 1-0

[Event "Warsaw YMCA Summer-A 276th"]
[Site "Warsaw"]
[Date "2023.07.28"]
[Round "6"]
[White "Polak, Michal"]
[Black "Flis, Piotr"]
[Result "1-0"]
[WhiteElo "1895"]
[BlackElo "1698"]
[PlyCount "119"]
[EventDate "2023.07.05"]
[EventType "tourn"]
[EventRounds "10"]
[EventCountry "POL"]
[SourceTitle "EXT 2024"]
[Source "ChessBase"]
[SourceDate "2023.10.10"]
[SourceVersion "1"]
[SourceVersionDate "2023.10.10"]
[SourceQuality "1"]

1. d4 d5 2. Nf3 Nf6 3. g3 e6 4. Bg2 b5 5. 0-0 Be7 6. c3 0-0 7. Bf4 Nbd7 8. Nbd2 Nb6 9. Ne5 Bb7 10. Qc2 c5 11. dxc5 Bxc5 12. Nb3 Bd6 13. Na5 Qc7 14. Nd3 Bxf4 15. gxf4 Nc4 16. Nxb7 Qxb7 17. a4 a6 18. e3 Rfc8 19. Ra2 b4 20. Nxb4 Nxe3 21. fxe3 Qxb4 22. Qe2 Qc5 23. a5 Ne8 24. Rc1 Rab8 25. Kf2 Nd6 26. Qd3 Rb3 27. Bf1 Rcb8 28. Rc2 Nc4 29. Qd4 Qxd4 30. exd4 R8b5 31. Kf3 Kf8 32. Bxc4 dxc4 33. Ra4 Rxb2 34. Rxb2 Rxb2 35. Rxc4 Rb5 36. Ra4 Rb3 37. Rc4 Rb5 38. Rc8+ Ke7 39. Rc7+ Ke8 40. c4 Rxa5 41. c5 Ra1 42. Ra7 a5 43. Ke4 Re1+ 44. Kd3 Rf1 45. Ke4 Re1+ 46. Kd3 Rf1 47. Ra8+ Kd7 48. Ra7+ Ke8 49. Ke3 Re1+ 50. Kd3 Rf1 51. Rxa5 Rxf4 52. c6 Kd8 53. Ra7 Rf1 54. Kc4 Rc1+ 55. Kb5 Rf1 56. Kb6 Rb1+ 57. Kc5 Ke8 58. Kd6 Rb8 59. c7 Rc8 60. Rb7 1-0

[Event "Warsaw Najdorf Memorial op-B"]
[Site "Warsaw"]
[Date "2023.07.17"]
[Round "7"]
[White "Polak, Michal"]
[Black "Sprzeczka, Emilia"]
[Result "1/2-1/2"]
[WhiteElo "1895"]
[BlackElo "1797"]
[PlyCount "81"]
[EventDate "2023.07.11"]
[EventType "swiss"]
[EventRounds "9"]
[EventCountry "POL"]
[SourceTitle "EXT 2024"]
[Source "ChessBase"]
[SourceDate "2023.10.10"]
[SourceVersion "1"]
[SourceVersionDate "2023.10.10"]
[SourceQuality "1"]

1. e4 c5 2. Nf3 d6 3. d4 cxd4 4. Nxd4 Nf6 5. Nc3 g6 6. Be3 Bg7 7. f3 0-0 8. Qd2 Nc6 9. 0-0-0 d5 10. exd5 Nxd5 11. Nxc6 bxc6 12. Bd4 e5 13. Bc5 Re8 14. Ne4 Qc7 15. h4 f5 16. Nd6 Rd8 17. Nxc8 Raxc8 18. Bc4 h5 19. g4 Kh7 20. Kb1 e4 21. Qf2 Qa5 22. Bxd5 Rxd5 23. Rxd5 cxd5 24. Bd4 Bxd4 25. Qxd4 Qc5 26. Qd2 e3 27. Qd3 hxg4 28. fxg4 Qc4 29. Qxe3 Qxc2+ 30. Ka1 Qe4 31. Qxa7+ Kh8 32. Rg1 Qf4 33. a3 fxg4 34. Qe7 Rc1+ 35. Rxc1 Qxc1+ 36. Ka2 Qc4+ 37. Ka1 Qf1+ 38. Ka2 Qf4 39. h5 Qc4+ 40. Ka1 gxh5 41. Qf8+ 1/2-1/2

[Event "Warsaw YMCA Summer-A 276th"]
[Site "Warsaw"]
[Date "2023.07.05"]
[Round "1"]
[White "Flis, Piotr"]
[Black "Polak, Michal"]
[Result "0-1"]
[WhiteElo "1698"]
[BlackElo "1895"]
[PlyCount "66"]
[EventDate "2023.07.05"]
[EventType "tourn"]
[EventRounds "10"]
[EventCountry "POL"]
[SourceTitle "EXT 2024"]
[Source "ChessBase"]
[SourceDate "2023.10.10"]
[SourceVersion "1"]
[SourceVersionDate "2023.10.10"]
[SourceQuality "1"]

1. Nf3 e6 2. c4 d5 3. e3 Nf6 4. Nc3 c5 5. cxd5 Nxd5 6. Nxd5 Qxd5 7. b3 Be7 8. Bb2 0-0 9. Bc4 Qd8 10. Qc2 Nc6 11. a3 a6 12. h4 b5 13. Ng5 g6 14. Bd3 Bxg5 15. hxg5 Qxg5 16. Be4 Bb7 17. 0-0-0 Rac8 18. Rxh7 Kxh7 19. Rh1+ Qh6 20. Qd1 e5 21. f4 c4 22. b4 Ba8 23. Bxc6 Bxc6 24. Bxe5 f6 25. Bd6 Rfe8 26. Rxh6+ Kxh6 27. g4 Be4 28. Qe1 Kg7 29. g5 Rh8 30. gxf6+ Kf7 31. Qg3 Rh1+ 32. Kb2 c3+ 33. dxc3 Rb1+ 0-1

[Event "Warsaw YMCA Spring-A 272nd"]
[Site "Warsaw"]
[Date "2023.05.23"]
[Round "5"]
[White "Choroszej, Aleksander"]
[Black "Polak, Michal"]
[Result "0-1"]
[WhiteElo "1999"]
[BlackElo "1895"]
[PlyCount "48"]
[EventDate "2023.04.14"]
[EventType "tourn"]
[EventRounds "11"]
[EventCountry "POL"]
[SourceTitle "EXT 2024"]
[Source "ChessBase"]
[SourceDate "2023.10.10"]
[SourceVersion "1"]
[SourceVersionDate "2023.10.10"]
[SourceQuality "1"]

1. d4 d6 2. e4 Nf6 3. Nc3 g6 4. f4 Bg7 5. Nf3 0-0 6. e5 dxe5 7. fxe5 Nd5 8. Be2 c5 9. 0-0 cxd4 10. Qxd4 Nxc3 11. Qxc3 Nc6 12. Bf4 Qb6+ 13. Kh1 Bg4 14. h3 Bf5 15. Rad1 Rac8 16. Qb3 Qxb3 17. cxb3 Rfd8 18. Kg1 a6 19. g4 Be4 20. Nd2 Nd4 21. Bc4 Bc2 22. Rc1 b5 23. Nf3 bxc4 24. Nxd4 Bd3 0-1

[Event "POL-ch Universities"]
[Site "Bydgoszcz"]
[Date "2023.03.10"]
[Round "2"]
[White "Szelag, Marcin"]
[Black "Polak, Michal"]
[Result "1-0"]
[WhiteElo "2398"]
[BlackElo "1931"]
[PlyCount "99"]
[EventDate "2023.03.10"]
[EventType "swiss"]
[EventRounds "9"]
[EventCountry "POL"]
[SourceTitle "CBM 213 Extra"]
[Source "ChessBase"]
[SourceDate "2023.05.31"]
[SourceVersion "1"]
[SourceVersionDate "2023.05.31"]
[SourceQuality "1"]

1. e4 e5 2. Nf3 Nc6 3. Bb5 a6 4. Ba4 Nf6 5. 0-0 Nxe4 6. d4 b5 7. Bb3 d5 8. dxe5 Be6 9. Nbd2 Nc5 10. c3 Be7 11. Bc2 d4 12. Nb3 d3 13. Bb1 Nxb3 14. axb3 Bf5 15. Be3 Qd5 16. Nd4 Bg6 17. Nxc6 Qxc6 18. Bxd3 Rd8 19. Bd4 Bc5 20. Bxg6 Qxg6 21. Qd2 0-0 22. Qe3 Bxd4 23. cxd4 Qb6 24. Rfd1 Rd5 25. Rd3 Rfd8 26. Rad1 h6 27. b4 a5 28. bxa5 Qxa5 29. e6 Qb6 30. exf7+ Kxf7 31. h4 Qe6 32. Qf4+ Qf6 33. Qxc7+ R8d7 34. Qg3 Rxd4 35. Rxd4 Rxd4 36. Rxd4 Qxd4 37. Qb3+ Kg6 38. Qxb5 Qxh4 39. Qd3+ Kf7 40. Qd5+ Kf8 41. Qd6+ Kg8 42. b4 Qc4 43. g3 h5 44. Qc5 Qe4 45. b5 h4 46. Qc8+ Kf7 47. Qd7+ Kg8 48. Qd8+ Kf7 49. Qd7+ Kg8 50. gxh4 1-0

[Event "Warsaw YMCA Winter-A 271st"]
[Site "Warsaw"]
[Date "2023.02.02"]
[Round "2"]
[White "Safanowski, Tomasz"]
[Black "Polak, Michal"]
[Result "1/2-1/2"]
[WhiteElo "1704"]
[BlackElo "1929"]
[PlyCount "27"]
[EventDate "2023.01.13"]
[EventType "tourn"]
[EventRounds "11"]
[EventCountry "POL"]
[SourceTitle "EXT 2024"]
[Source "ChessBase"]
[SourceDate "2023.10.10"]
[SourceVersion "1"]
[SourceVersionDate "2023.10.10"]
[SourceQuality "1"]

1. f4 d5 2. Nf3 c5 3. e3 Nc6 4. Bb5 a6 5. Bxc6+ bxc6 6. d3 g6 7. 0-0 Bg7 8. Nc3 Bg4 9. Qe1 Rb8 10. Ne5 Bd7 11. Na4 Nf6 12. Nxc5 Qb6 13. Qc3 Rg8 14. Ncxd7 1/2-1/2

[Event "Pilsen Region-chT 2223"]
[Site "Czech Republic"]
[Date "2022.11.27"]
[Round "4.6"]
[White "Polak, Michal"]
[Black "Kvapil, Vladislav"]
[Result "1/2-1/2"]
[WhiteElo "1896"]
[BlackElo "1837"]
[PlyCount "36"]
[EventDate "2022.10.09"]
[EventType "team-tourn"]
[EventRounds "11"]
[EventCountry "CZE"]
[SourceTitle "EXT 2024"]
[Source "ChessBase"]
[SourceDate "2023.10.10"]
[SourceVersion "1"]
[SourceVersionDate "2023.10.10"]
[SourceQuality "1"]
[WhiteTeam "Dvorec"]
[BlackTeam "Kozolupy Sakal"]
[WhiteTeamCountry "CZE"]
[BlackTeamCountry "CZE"]

1. e4 e5 2. Nf3 Nf6 3. Nxe5 d6 4. Nf3 Nxe4 5. Nc3 Nxc3 6. dxc3 Be7 7. Bf4 Nd7 8. Qd2 Nc5 9. 0-0-0 Bg4 10. Bc4 0-0 11. Rhe1 Bf6 12. Kb1 Qd7 13. Bg5 Bxg5 14. Qxg5 Qf5 15. Qxf5 Bxf5 16. Re7 Be6 17. Bxe6 Nxe6 18. Nd4 Rfe8 1/2-1/2

[Event "Warsaw YMCA Golden Autumn 267th"]
[Site "Warsaw"]
[Date "2022.09.30"]
[Round "4"]
[White "Niezhentsev, Kyrylo"]
[Black "Polak, Michal"]
[Result "1/2-1/2"]
[WhiteElo "2009"]
[BlackElo "1954"]
[PlyCount "87"]
[EventDate "2022.09.30"]
[EventType "tourn"]
[EventRounds "13"]
[EventCountry "POL"]
[SourceTitle "EXT 2024"]
[Source "ChessBase"]
[SourceDate "2023.10.10"]
[SourceVersion "1"]
[SourceVersionDate "2023.10.10"]
[SourceQuality "1"]

1. e4 e5 2. Nf3 Nc6 3. Bb5 a6 4. Ba4 Nf6 5. 0-0 Nxe4 6. d4 b5 7. Bb3 d5 8. dxe5 Be6 9. c3 Bc5 10. Nbd2 0-0 11. Bc2 Nxf2 12. Rxf2 f6 13. exf6 Bxf2+ 14. Kxf2 Qxf6 15. Kg1 Rae8 16. Nb3 Ne5 17. Be3 Bg4 18. Qxd5+ Kh8 19. Nxe5 Rxe5 20. Qd4 Be2 21. h3 c5 22. Qd2 Qe7 23. Bxc5 Rxc5 24. Nxc5 Qxc5+ 25. Qd4 Qxd4+ 26. cxd4 Rc8 27. Bb3 g6 28. Re1 Bd3 29. Re3 Bc2 30. Bxc2 Rxc2 31. Rd3 Kg7 32. d5 Kf7 33. Ra3 Rxb2 34. Rxa6 Rd2 35. Ra7+ Kf6 36. Rxh7 Rxd5 37. Rb7 Rd2 38. Rb6+ Kg7 39. Ra6 b4 40. Kh2 Rb2 41. Kg3 b3 42. axb3 Rxb3+ 43. Kh4 Kh6 44. Kg4 1/2-1/2

[Event "Warsaw YMCA Golden Autumn 267th"]
[Site "Warsaw"]
[Date "2022.09.30"]
[Round "12"]
[White "Polak, Michal"]
[Black "Choroszej, Aleksander"]
[Result "0-1"]
[WhiteElo "1954"]
[BlackElo "2040"]
[PlyCount "80"]
[EventDate "2022.09.30"]
[EventType "tourn"]
[EventRounds "13"]
[EventCountry "POL"]
[SourceTitle "EXT 2024"]
[Source "ChessBase"]
[SourceDate "2023.10.10"]
[SourceVersion "1"]
[SourceVersionDate "2023.10.10"]
[SourceQuality "1"]

1. e4 g6 2. d4 Bg7 3. Nc3 d6 4. g3 Nc6 5. d5 Ne5 6. h3 Nf6 7. Bg2 0-0 8. Nge2 c6 9. f4 Ned7 10. Be3 cxd5 11. exd5 Nc5 12. b4 Ncd7 13. 0-0 a5 14. a3 Nb6 15. Qd3 Bf5 16. Qb5 Ra6 17. bxa5 Nbd7 18. g4 Bxc2 19. Nd4 Rxa5 20. Qxb7 Nc5 21. Qb2 Ba4 22. Nxa4 Rxa4 23. Qc2 Nxg4 24. Nc6 Nxe3 25. Qe2 Qd7 26. Qxe3 Bxa1 27. Nxe7+ Kg7 28. Rxa1 f6 29. Re1 Rfa8 30. Nc6 Rxa3 31. Qd4 Re8 32. Qd2 Nb3 33. Rxe8 Nxd2 34. Re7+ Qxe7 35. Nxe7 Nf3+ 36. Kf2 Nh4 37. Be4 f5 38. Bg2 Ra2+ 39. Kg3 Nxg2 40. Nc8 Ne3 0-1

[Event "Warsaw Szansa op"]
[Site "Warsaw"]
[Date "2022.09.17"]
[Round "6"]
[White "Polak, Michal"]
[Black "Kowalski, Igor"]
[Result "0-1"]
[WhiteElo "1954"]
[BlackElo "2344"]
[PlyCount "78"]
[EventDate "2022.09.17"]
[EventType "swiss (rapid)"]
[EventRounds "11"]
[EventCountry "POL"]
[SourceTitle "EXT 2023"]
[Source "ChessBase"]
[SourceDate "2022.10.05"]
[SourceVersion "1"]
[SourceVersionDate "2022.10.05"]
[SourceQuality "1"]

1. d4 Nf6 2. c4 g6 3. g3 c6 4. Nf3 Bg7 5. Bg2 0-0 6. 0-0 d5 7. cxd5 cxd5 8. Nc3 Ne4 9. Bf4 Nc6 10. Ne5 Bf5 11. Rc1 Nxe5 12. Bxe5 Bh6 13. Bf4 Bxf4 14. gxf4 Qd7 15. f3 Nxc3 16. Rxc3 Rac8 17. Qd2 Rxc3 18. bxc3 Rc8 19. e4 Be6 20. Kh1 Kh8 21. Rg1 Qc7 22. f5 gxf5 23. Bh3 f6 24. Bxf5 Bxf5 25. exf5 Rg8 26. Rxg8+ Kxg8 27. Qe3 Qd7 28. Kg2 Kf7 29. Qf4 Qb5 30. Qe3 Qd7 31. Qf4 Qa4 32. h4 Qxa2+ 33. Kg3 Qb1 34. Qe3 Qxf5 35. Qe2 Qb1 36. Qe3 a5 37. h5 a4 38. Qf4 a3 39. Qf5 Qxf5 0-1

[Event "Nepomuk-B"]
[Site "Nepomuk"]
[Date "2022.09.03"]
[Round "1"]
[White "Zednik, Zdenek"]
[Black "Polak, Michal"]
[Result "0-1"]
[WhiteElo "1854"]
[BlackElo "1882"]
[PlyCount "84"]
[EventDate "2022.09.03"]
[EventType "tourn"]
[EventRounds "7"]
[EventCountry "CZE"]
[SourceTitle "EXT 2023"]
[Source "ChessBase"]
[SourceDate "2022.10.05"]
[SourceVersion "1"]
[SourceVersionDate "2022.10.05"]
[SourceQuality "1"]

1. c4 e6 2. Nf3 d5 3. b3 Nf6 4. Bb2 Be7 5. e3 0-0 6. Be2 b6 7. 0-0 Bb7 8. d3 Nbd7 9. Nbd2 Re8 10. Rc1 Nf8 11. Rc2 Ng6 12. Qa1 a5 13. a3 Bd6 14. cxd5 exd5 15. Nd4 Qd7 16. N4f3 Nh5 17. Rfc1 Nhf4 18. exf4 Rxe2 19. Bxg7 Nxf4 20. Bh6 Qg4 21. Bxf4 Bxf4 22. Re1 Rae8 23. Rxe2 Rxe2 24. Qd1 Re6 25. h3 Qh5 26. Nf1 d4 27. Ng3 Bxf3 28. Qxf3 Re1+ 29. Kh2 Qxf3 30. gxf3 Rd1 31. Re2 Rxd3 32. Kg2 Bxg3 33. fxg3 Rxb3 34. Re8+ Kg7 35. Rc8 c5 36. Rc6 Rxa3 37. Rxb6 c4 38. Kf2 c3 39. Ke2 c2 40. Kd2 Rc3 41. Kc1 d3 42. Rd6 a4 0-1

[Event "Warsaw Najdorf Memorial op-A"]
[Site "Warsaw"]
[Date "2022.07.14"]
[Round "6"]
[White "Shilov, Sergej"]
[Black "Polak, Michal"]
[Result "1/2-1/2"]
[WhiteElo "2048"]
[BlackElo "1944"]
[PlyCount "69"]
[EventDate "2022.07.09"]
[EventType "swiss"]
[EventRounds "9"]
[EventCountry "POL"]
[SourceTitle "CBM 209 Extra"]
[Source "ChessBase"]
[SourceDate "2022.09.30"]
[SourceVersion "1"]
[SourceVersionDate "2022.09.30"]
[SourceQuality "1"]

1. d4 Nf6 2. Nf3 e6 3. c4 b6 4. g3 Ba6 5. Qa4 Bb7 6. Bg2 c5 7. 0-0 cxd4 8. Nxd4 Bxg2 9. Kxg2 Be7 10. Nc3 Qc8 11. Rd1 a6 12. e4 Qb7 13. f3 0-0 14. Be3 Nc6 15. Nxc6 dxc6 16. Qb3 Nd7 17. Na4 Rab8 18. Bf4 e5 19. Be3 b5 20. cxb5 axb5 21. Nc3 Nc5 22. Qc2 Ne6 23. a4 bxa4 24. Nxa4 Qb3 25. Qc3 Qb5 26. Qd3 h6 27. h4 Rb7 28. Qxb5 Rxb5 29. Rd7 Bc5 30. Nxc5 Nxc5 31. Bxc5 Rxc5 32. Rad1 Rc2+ 33. R1d2 Rxd2+ 34. Rxd2 Rb8 35. Rc2 1/2-1/2

[Event "Warsaw Najdorf Memorial op-A"]
[Site "Warsaw"]
[Date "2022.07.12"]
[Round "4"]
[White "Dalkowski, Rafal"]
[Black "Polak, Michal"]
[Result "1-0"]
[WhiteElo "2120"]
[BlackElo "1944"]
[PlyCount "149"]
[EventDate "2022.07.09"]
[EventType "swiss"]
[EventRounds "9"]
[EventCountry "POL"]
[SourceTitle "CBM 209 Extra"]
[Source "ChessBase"]
[SourceDate "2022.09.30"]
[SourceVersion "1"]
[SourceVersionDate "2022.09.30"]
[SourceQuality "1"]

1. d4 Nf6 2. c4 e6 3. Nf3 b6 4. g3 Ba6 5. Qc2 Bb4+ 6. Bd2 Be7 7. Bg2 c6 8. 0-0 d5 9. b3 0-0 10. Rd1 Nbd7 11. a4 Qc8 12. Na3 c5 13. Nb5 cxd4 14. Nfxd4 Bb7 15. Bf4 a6 16. Nd6 Bxd6 17. Bxd6 Re8 18. Rac1 dxc4 19. Qxc4 Bxg2 20. Kxg2 Ne4 21. Qd3 Qb7 22. Rc7 Qd5 23. Rxd7 Nxd6+ 24. Nf3 Qxd3 25. Rxd3 Ne4 26. Rc7 Nc5 27. Rd6 Nxb3 28. Rxb6 Reb8 29. Rd6 Rd8 30. Rb6 Rdb8 31. Ra7 Nc5 32. a5 Rc8 33. Rc6 Rab8 34. Ne5 f6 35. Rxc5 Rxc5 36. Nd7 Rbb5 37. Nxc5 Rxc5 38. Rxa6 Kf7 39. h4 h5 40. Kf3 Rc2 41. Rb6 Rc5 42. a6 Ra5 43. Rb7+ Kg6 44. a7 Kh6 45. Ke3 g5 46. Kd3 Kg6 47. Kc4 Ra2 48. e4 f5 49. exf5+ Kxf5 50. hxg5 Kxg5 51. Kc5 h4 52. gxh4+ Kxh4 53. Rg7 e5 54. Kb6 e4 55. Kb7 Rb2+ 56. Kc7 Ra2 57. Kb8 Rb2+ 58. Kc7 Ra2 59. Kb6 Rb2+ 60. Kc5 Ra2 61. Kd5 Ra4 62. Kc6 Ra2 63. Re7 Kh3 64. Kb7 Rb2+ 65. Ka8 Re2 66. Re6 Kg2 67. Kb7 Rb2+ 68. Rb6 Ra2 69. Ra6 Rb2+ 70. Kc6 Kxf2 71. a8Q e3 72. Ra2 Rxa2 73. Qxa2+ e2 74. Qf7+ Kg1 75. Qg6+ 1-0

[Event "Warsaw Najdorf Memorial op-A"]
[Site "Warsaw"]
[Date "2022.07.10"]
[Round "2"]
[White "Polak, Michal"]
[Black "Nowak, Lukasz1111"]
[Result "1/2-1/2"]
[WhiteElo "1944"]
[BlackElo "2327"]
[PlyCount "178"]
[EventDate "2022.07.09"]
[EventType "swiss"]
[EventRounds "9"]
[EventCountry "POL"]
[SourceTitle "CBM 209 Extra"]
[Source "ChessBase"]
[SourceDate "2022.09.30"]
[SourceVersion "1"]
[SourceVersionDate "2022.09.30"]
[SourceQuality "1"]

1. e4 c5 2. Nf3 d6 3. d4 cxd4 4. Nxd4 Nf6 5. Nc3 a6 6. Be3 e5 7. Nf3 Be7 8. Bc4 Be6 9. Bb3 Nbd7 10. 0-0 Rc8 11. Bg5 0-0 12. Qe2 Qc7 13. Bxf6 Nxf6 14. Ng5 Bc4 15. Bxc4 Qxc4 16. Rfe1 b5 17. a3 Rc6 18. Nf3 Rb8 19. Nd2 Qxe2 20. Rxe2 Bd8 21. Nb3 a5 22. a4 b4 23. Nb5 Bb6 24. Rd1 Rd8 25. Kf1 Kf8 26. f3 Ke7 27. Red2 h5 28. h4 g6 29. Ke2 Ne8 30. c3 bxc3 31. Nxc3 Nc7 32. Nd5+ Nxd5 33. Rxd5 Rb8 34. Rb5 Rcc8 35. Rc1 Bd8 36. Rxc8 Rxc8 37. Kd3 Ra8 38. Nd2 Ke6 39. g3 f5 40. exf5+ gxf5 41. Rb7 d5 42. Nb3 Rc8 43. Rb5 Rc4 44. Nc5+ Ke7 45. Nb7 e4+ 46. fxe4 fxe4+ 47. Ke3 Bc7 48. Rxd5 Rxa4 49. Rxh5 Bb6+ 50. Kf4 e3+ 51. Kf3 Rb4 52. Nxa5 Rxb2 53. Re5+ Kf6 54. Rxe3 Bxa5 55. Re2 Rb1 56. Ra2 Bc7 57. Ra6+ Kf5 58. Ra3 Rb2 59. Rd3 Be5 60. Ra3 Rc2 61. Rd3 Bc3 62. Rd5+ Be5 63. Rd3 Rc1 64. Rb3 Bd4 65. Rb8 Rc2 66. Rf8+ Kg6 67. Rg8+ Bg7 68. Ra8 Rb2 69. Ra5 Bf6 70. Rc5 Kf7 71. Ra5 Ke6 72. Ra6+ Kf5 73. g4+ Ke5 74. g5 Bd8 75. Kg4 Rb4+ 76. Kh5 Kf5 77. Ra8 Bc7 78. Rf8+ Ke6 79. g6 Be5 80. Re8+ Kf5 81. Rxe5+ Kxe5 82. g7 Rb8 83. Kg6 Rb6+ 84. Kg5 Rb1 85. Kg6 Rg1+ 86. Kh7 Kf6 87. g8Q Rxg8 88. Kxg8 Kg6 89. h5+ Kxh5 1/2-1/2